平成に消滅・改称した広島県の市町村 - Statistics

General Stats
  • This quiz has been taken 29 times
  • The average score is 65 of 73
Answer Stats
変更年月日 変更内容 回答 変更後の市町村 % Correct
2003.03/01 編入合併 佐伯町 廿日市市
100%
2003.04/01 新設合併 大崎町 大崎上島町
100%
2004.03/01 新設合併 甲田町 安芸高田市
100%
2004.04/01 編入合併 川尻町 呉市
100%
2004.04/01 編入合併 上下町 府中市
100%
2004.04/01 新設合併 三次市 三次市
100%
2004.04/01 新設合併 甲奴町 三次市
100%
2004.10/01 新設合併 戸河内町 安芸太田町
100%
2004.10/01 新設合併 世羅町 世羅町
100%
2004.10/01 新設合併 世羅西町 世羅町
100%
2004.11/01 新設合併 能美町 江田島市
100%
2004.11/01 新設合併 大柿町 江田島市
100%
2004.11/05 新設合併 神石町 神石高原町
100%
2005.02/01 編入合併 沼隈町 福山市
100%
2005.02/07 編入合併 黒瀬町 東広島市
100%
2005.02/07 編入合併 安芸津町 東広島市
100%
2005.03/20 編入合併 音戸町 呉市
100%
2005.03/20 編入合併 蒲刈町 呉市
100%
2005.03/22 新設合併 三原市 三原市
100%
2005.03/31 新設合併 庄原市 庄原市
100%
2005.03/31 新設合併 西城町 庄原市
100%
2005.03/31 新設合併 東城町 庄原市
100%
2005.04/25 編入合併 湯来町 広島市
100%
2005.11/03 編入合併 大野町 廿日市市
100%
2005.11/03 編入合併 宮島町 廿日市市
100%
2006.01/10 編入合併 因島市 尾道市
100%
2006.01/10 編入合併 瀬戸田町 尾道市
100%
2006.03/01 編入合併 神辺町 福山市
100%
2003.02/03 編入合併 内海町 福山市
88%
2003.02/03 編入合併 新市町 福山市
88%
2003.03/01 編入合併 吉和村 廿日市市
88%
2003.04/01 編入合併 下蒲刈町 呉市
88%
2003.04/01 新設合併 東野町 大崎上島町
88%
2003.04/01 新設合併 木江町 大崎上島町
88%
2004.03/01 新設合併 吉田町 安芸高田市
88%
2004.03/01 新設合併 八千代町 安芸高田市
88%
2004.03/01 新設合併 美土里町 安芸高田市
88%
2004.03/01 新設合併 高宮町 安芸高田市
88%
2004.04/01 新設合併 君田村 三次市
88%
2004.04/01 新設合併 布野村 三次市
88%
2004.04/01 新設合併 作木村 三次市
88%
2004.04/01 新設合併 三良坂町 三次市
88%
2004.10/01 新設合併 加計町 安芸太田町
88%
2004.10/01 新設合併 筒賀村 安芸太田町
88%
2004.10/01 新設合併 甲山町 世羅町
88%
2004.11/01 新設合併 江田島町 江田島市
88%
2004.11/01 新設合併 沖美町 江田島市
88%
2004.11/05 新設合併 油木町 神石高原町
88%
2004.11/05 新設合併 豊松村 神石高原町
88%
2005.02/01 新設合併 芸北町 北広島町
88%
2005.02/01 新設合併 千代田町 北広島町
88%
2005.02/07 編入合併 河内町 東広島市
88%
2005.03/20 編入合併 倉橋町 呉市
88%
2005.03/20 編入合併 安浦町 呉市
88%
2005.03/20 編入合併 豊町 呉市
88%
2005.03/28 編入合併 向島町 尾道市
88%
2005.03/31 新設合併 総領町 庄原市
88%
2004.03/01 新設合併 向原町 安芸高田市
75%
2004.04/01 新設合併 吉舎町 三次市
75%
2004.04/01 新設合併 三和町 三次市
75%
2004.11/05 新設合併 三和町 神石高原町
75%
2005.02/01 新設合併 大朝町 北広島町
75%
2005.02/07 編入合併 福富町 東広島市
75%
2005.03/20 編入合併 豊浜町 呉市
75%
2005.03/22 新設合併 大和町 三原市
75%
2005.03/22 新設合併 本郷町 三原市
75%
2005.03/28 編入合併 御調町 尾道市
75%
2005.03/31 新設合併 口和町 庄原市
75%
2005.03/31 新設合併 高野町 庄原市
75%
2005.03/31 新設合併 比和町 庄原市
75%
2005.02/01 新設合併 豊平町 北広島町
63%
2005.02/07 編入合併 豊栄町 東広島市
63%
2005.03/22 新設合併 久井町 三原市
63%
No matching quizzes found
Score Distribution
Percent of People with Each Score
Percentile by Number Answered
Your Score History
You have not taken this quiz